Federal careers in engineering and the physical sciences.

Saved in:
Bibliographic Details
Corporate Author: United States Civil Service Commission.
Format: Book
Language:English
Published: Washington, D.C. : U.S. Civil Service Commission, 1966.
Series:U.S. Civil Service Commission announcement ; no. WA-6-12
Subjects:
Tags: Add Tag
No Tags, Be the first to tag this record!
LEADER 00662nam a22001937u 4500
001 000000412-X
005 20020606090541.3
008 830127|1966 ||||||| |||| |0||||eng|d
035 0 |a ocm78759491 
245 0 0 |a Federal careers in engineering and the physical sciences. 
260 0 |a Washington, D.C. :  |b U.S. Civil Service Commission,  |c 1966. 
300 |a 11 p. ;  |c 27 cm. 
490 0 |a U.S. Civil Service Commission announcement ;  |v no. WA-6-12 
650 0 |a Engineering  |x Vocational guidance. 
650 0 |a Landscape architecture  |x Vocational guidance. 
650 0 |a Vocational guidance. 
710 2 |a United States Civil Service Commission. 
988 |a 20020608 
906 |0 MH